Game of Thrones - House Stark - Statistics

General Stats
  • This quiz has been taken 247 times
    240 since last reset
  • The average score is 26 of 48
Answer Stats
Description Answer % Correct
Third born, youngest daughter Arya Stark
100%
Fourth born son Brandon Stark
100%
Bastard son of #1 Jon Snow
100%
Lord of Winterfell, Warden of the North Lord Eddard Stark
100%
Lord of the above Lord Jon Umber the Greatjon
100%
First born of the above, heir to Winterfell Robb Stark
100%
Second born, eldest daughter Sansa Stark
100%
Lady of Winterfell, wife of the above, of House Tully Lady Catelyn Stark
99%
Fifth born, youngest child Rickon Stark
99%
Ward of #1, heir to the Iron Islands Theon Greyjoy
97%
Younger brother of #1, man of the Night's Watch Benjen Stark
96%
Younger sister of #1, died in the mountains of Dorne Lyanna Stark
96%
Elder brother of #1, murdered by the command of Aerys II Targaryen Brandon Stark
82%
Sworn House House Karstark of Karhold
79%
Sworn House House Umber of the Last Hearth
79%
Maester of Winterfell Maester Luwin
79%
Simpleminded great-grandson of the above, stableboy at Winterfell Hodor
73%
Sworn House House Bolton of the Dreadfort
72%
Lord of the above Lord Rickard Karstark
71%
Sworn House House Mormont of Bear Island
67%
Master-at-arms at Winterfell Ser Rodrik Cassel
66%
Lord of the above Lord Roose Bolton
64%
Storyteller and former wet nurse at Winterfell Old Nan
63%
Captain of the guard at Winterfell Jory Cassel
61%
Sworn House House Manderly of White Harbor
54%
Septa of Winterfell Septa Mordane
50%
Sworn House House Glover of Deepwood Motte
49%
Sworn House House Reed of Greywater Watch
48%
Daughter of the above Jeyne Poole
44%
Lord of the above Lord Howland Reed
34%
Sworn House House Cerwyn of Cerwyn
30%
Lord of the above Lord Wyman Manderly
27%
Sworn House House Hornwood of Hornwood
26%
Steward of Winterfell Vayon Poole
25%
Daughter of the above Beth Cassel
23%
Lord of the above Lady Maege Mormont
23%
Smith and armorer at Winterfell Mikken
23%
Sworn House House Flint of Flint's Finger
22%
Sworn House House Tallhart of Torrhen's Square
19%
Septon of Winterfell Septon Chayle
14%
Kennelmaster at Winterfell Farlen
12%
Cook at Winterfell Gage
12%
Master of horse at Winterfell Hullen
12%
Lord of the above Lord Galbart Glover
12%
Lord of the above Lord Helman Tallhart
8%
Lord of the above Lord Robin Flint
6%
Lord of the above Lord Halys Hornwood
5%
Lord of the above Lord Medger Cerwyn
5%
No matching quizzes found
Score Distribution
Percent of People with Each Score
Percentile by Number Answered
Your Score History
You have not taken this quiz since the last reset